000 01059nam a2200325 i 4500
001 000041466
003 DO-SdBNP
005 20230505135101.0
007 ta
008 131007s1968 sp 000 0 spa d
020 _a8420611107
040 _aDO-SdBNP
_bspa
_cBNPHU
_erda
082 4 _a813
_bF553e
_222
100 1 _aFitzgerald, F. Scott,
_d1896-1940
_962187
240 1 0 _aThis side of paradise
_lspa
245 1 0 _aA este lado del paraiso /
_cF. Scott Fitzgerald ; traducción Juan Benet Goitia.
264 _aMadrid :
_bAlianza
_c1968.
300 _a263 páginas ;
_c18 cm.
336 _2rdaconten
_atexto
_btxt
337 _2rdamedia
_asin mediación
_bn
338 _2rdacarrier
_avolumen
_bnc
490 0 _aEl libro de bolsillo
_v110
500 _aLa biblioteca posee la cuarta reimpresión del 1990
590 _aInventariado, 2023/BT
650 4 _aNovela estadounidense
_9262
650 4 _aLiteratura estadounidense
_9263
700 1 _aBenet Goitia, Juan,
_etraductor
_968146
910 _aValidado. Control de calidad MFF
942 _2ddc
_cLBS1
999 _c40956
_d40956